000 00521nam a2200169Ia 4500
003 GCL
008 140319s9999 xx 000 0 eng d
040 _aGCL /
_cGCL
082 0 4 _a750.18
_bK P
100 1 _aKUBOVY, MICHAEL.
245 1 0 _aThe Psychology of Perspect we and Renaissance art. /
_cKUBOVY, MICHAEL.
260 _a[S.N] :
_bCAMLRIDGE UNIVERSITY PRESS ،
_c1986
650 0 4 _aPERSPECTIVE PSYCHOLALOGICAL
650 0 4 _aVISUAL PEREAPTION ASPEATS
650 0 4 _aRENAISSANCE HISTORY - PAINTING
942 _2ddc
_cBK
999 _c17265
_d17265